Agents of S.H.I.E.L.D. Characters by Screen Time - Statistics

General Stats
  • This quiz has been taken 1,602 times
    397 since last reset
  • The average score is 27 of 87
Answer Stats
Minutes of Screen Time Character Seasons Appeared In % Correct
1058:30 Phil Coulson S1-7
98%
1039 Daisy Johnson S1-7
84%
716:45 Leo Fitz S1-7
81%
11:45 LMD Leo Fitz S4
81%
776 Jemma Simmons S1-7
80%
11:45 Alistair Fitz S4
79%
29 LMD Melinda May S4
78%
716:30 Melinda May S1-7
78%
336:45 Grant Ward S1-4
73%
553 Alphonso Mackenzie S2-7
67%
295:45 Elena Rodriguez S3-7
62%
160:30 Bobbi Morse S2-3
58%
149:45 Lance Hunter S2-3,5
56%
206:45 Deke Shaw S5-7
54%
72:15 John Garrett S1,7
52%
109:15 Lincoln Campbell S2-3
51%
66:30 Ghost Rider S4
49%
55 Antoine Triplett S1-2,4
48%
81:15 AIDA S4
46%
71 Cal Johnson S2
46%
52:15 Deathlok S1-2,5
42%
105:45 Glenn Talbot S1-5
42%
91 Enoch S4-7
41%
66:15 Hive S3
39%
92:45 Holden Radcliffe S3-4
38%
82:45 Raina S1-2,5
38%
59:15 Daniel Sousa S7
37%
62 Jiaying S2,7
37%
57:30 Lash S2-3
35%
16:15 Victoria Hand S1,7
34%
37 Ruby Hale S5
32%
38:30 Agent Piper S3-7
31%
27 Daniel Whitehall S2-3,5
30%
49:30 Gideon Malick S3,7
30%
85:30 Jeffrey Mace S4
30%
20 Lady Sif S1-2
30%
34:45 Nathaniel Malick S3,7
30%
31:30 Agent Davis S1,4-7
28%
51 General Hale S5
28%
19 Wilfred Malick S7
28%
26 Gordon S2,7
27%
10:15 LMD Holden Radcliffe S4
27%
32 Flint S5-7
26%
20:15 Ian Quinn S1,5
26%
55:15 Kasius S5
25%
72:45 Sarge S6
25%
13 Billy Koenig S1-2,4
23%
24:30 Carl Creel S2-3,5
23%
26:30 Robert Gonzales S2
22%
31 Sunil Bakshi S2,4
22%
46:45 Izel S6
21%
35:30 Rosalind Price S3
21%
38:30 Agent 33 S2
20%
23:30 Joey Gutierrez S3
20%
22:30 Robin Hinton S3,5
20%
17 Snowflake S6
20%
16 Gabe Reyes S4
19%
24:30 Kora S7
19%
22:45 Wener von Strucker S3,5
18%
20:45 Sinara S5
17%
27:15 Tess S5
17%
12 Anne Weaver S1-2
15%
22:15 Jaco S6
14%
22:30 James S3-4
14%
37:30 Anton Ivanov S4-5
13%
20:45 Eli Morrow S4
13%
22:30 Marcus Benson S6
13%
11 Sibyl S7
13%
19 Will Daniels S3
13%
10:45 Hope Mackenzie S4
12%
13:30 Pax S6
12%
11:15 Polly Hinton S3,5
12%
15:15 Giyera S3
11%
13:15 Lucy Bauer S4
11%
14 Donnie Gill S1-2
10%
15:30 Ellen Nadeer S4
10%
10 Scorch S1
10%
11 Vijay Nadeer S4
9%
11:45 "Capt. Luke" Chronicom S7
8%
10:15 Agnes Kitsworth S4
7%
12:15 Lorelei S1
6%
12 Qovas S5
6%
10 Atarah S6
5%
16:45 Elliot Randolph S1,3
4%
14:30 Keller S6
4%
11:30 Tucker Shockley S4
4%
10:45 Akela Amador S1
3%
No matching quizzes found
Score Distribution
Percent of People with Each Score
Percentile by Number Answered
Your Score History
You have not taken this quiz since the last reset